000 02047nam0a2200301 4500
001 RU\NLR\bibl\1196157
005 20260407085005.0
021 _aRU
_b2007-94252
_95088
035 _a(NLR Aleph) 001182681
090 _a1667373
_c1667373
100 _a20080304d2007 |||y0rusy50 ca
101 0 _arus
102 _aRU
105 _aa z |||||
200 1 _aБолеутоляющие средства
_eучебное пособие для студентов III, V, и VI курсов лечебного факультета и факультета спортивной медицины
_fС.-Петерб. гос. мед. ун-т им. акад. И.П. Павлова, Федер. агентство по здравоохранению и социал. развитию, Каф. фармакологии с курсом клинич. фармакологии, Каф. анестезиологии, реаниматологии и интенсив. терапии с курсом ФПО
_g[д.м.н., проф. Э.Э. Звартау и др.
_gред.: акад. РАМН, проф. Ю.Д. Игнатов, проф. В.Н. Корячкин]
210 _aСанкт-Петербург
_cИзд-во СПбГМУ
_d2007
215 _a42 с.
_cил.
_d20
606 1 _aОбезболивающие средства
_jУчебно-методические пособия для высших учебных заведений
_9932567
_3RU\NLR\auth\6625073
686 _aР281.703я73
702 1 _aЗвартау
_bЭ. Э.
_gЭдвин Эдуардович
_4220
702 1 _4340
_7ca
_8rus
_aИгнатов
_bЮ. Д.
_f1940-2013
_gЮрий Дмитриевич
_9184996
_3RU\NLR\AUTH\770185047
712 0 2 _4570
_aСанкт-Петербургский государственный медицинский университет им. И. П. Павлова
_9298499
_3RU\NLR\AUTH\8812801
801 0 _aRU
_bNLR
_c20080304
_gRCR
801 1 _aRU
_bNLR
_c20080304
942 _cBOOK
980 _aNB